Ανάλυση οικονομικών καταστάσεων : πραγματικές περιπτώσεις (cases)
Saved in:
| Main Author: | |
|---|---|
| Other Authors: | , |
| Format: | Book |
| Language: | Greek English |
| Published: |
Θεσσαλονίκη :
Παρατηρητής,
c2003.
|
| Subjects: | |
| Tags: |
Add Tag
No Tags, Be the first to tag this record!
|
MARC
| LEADER | 00000cam a2200000 i 4500 | ||
|---|---|---|---|
| 001 | 1/226 | ||
| 008 | 090622s2003 gr | ||| |||| ||gre|| | ||
| 020 | |a 9603742856 | ||
| 035 | |l 10105162 | ||
| 040 | |a GR-MyUA |b gre |e AACR2 | ||
| 041 | 1 | |a gre |h eng | |
| 082 | 7 | |a 657.3 |2 (22) | |
| 100 | 1 | |a Ruth, George E. | |
| 245 | 1 | 0 | |a Ανάλυση οικονομικών καταστάσεων : |b πραγματικές περιπτώσεις (cases) / |c George E. Ruth ; μετάφραση Ειρήνη Γ. Ψωμιάδου ; επιμέλεια Κωνσταντίνος Γ. Χατζάγας. |
| 260 | |a Θεσσαλονίκη : |b Παρατηρητής, |c c2003. | ||
| 300 | |a 52 σ. : |b πίν., σχέδια ; |c 28 εκ. | ||
| 500 | |a Τίτλος πρωτοτύπου: Analyzing financial statements. | ||
| 650 | 0 | 0 | |a Financial statements. |
| 700 | 1 | |a Ψωμιάδου, Ειρήνη Γ. |e trlf | |
| 700 | 1 | |a Χατζάγας, Κωνσταντίνος, |e edt | |
| 852 | |a INST |b CHIOS |e 20090622 |h 657.3 RUT |p 005200030207 |q 005200030207 |t BK |y 0 | ||
| 852 | |a INST |b CHIOS |e 20090622 |h 657.3 RUT |p 005200030208 |q 005200030208 |t BK |y 0 | ||
| 901 | |a BIBL2-2009-2 | ||
| 970 | |a ΣΑΛΑΜΟΥΡΑ |b ΜΑΡΙΑ |z 2009/06/22 | ||